[Event "Swedish Elitserien 2021-22"]
[Site "Sodertalje"]
[Date "2022.05.14"]
[Round "8.6"]
[White "Norberg, Erik"]
[Black "Johnson, Bjorn"]
[Result "0-1"]
[WhiteElo "2234"]
[BlackElo "2194"]
[Annotator "TA"]
[PlyCount "100"]
[EventDate "2022.05.13"]
[EventType "team-tourn"]
[EventCountry "SWE"]
[SourceTitle "playchess.com"]
[Source "ChessBase"]
[SourceQuality "1"]

{[%evp 13,100,5,8,4,14,0,7,-4,0,-4,0,-23,-25,-35,0,0,-7,-58,-60,-52,0,-62,-59,-64,-75,-62,-66,-139,-139,-141,-88,-135,-138,-145,-122,-140,-130,-157,-147,-145,-152,-150,-110,-112,-114,-207,-145,-231,-136,-141,-145,-133,-85,-100,-95,-89,-33,-80,-41,-84,-80,-172,-178,-196,-180,-271,-262,-254,-244,-325,-329,-748,-761,-749,-758,-738,-721,-752,-715,-878,-857,-787,-742,-912,-504,-710,-652,-2707,-617]} 1. c4 {[%emt 0:00:41]} f5 {[%emt 0:00:12]} 2. Nc3 {[%emt 0:02:03]} Nf6 {[%emt 0:00:16]} 3. g3 {[%emt 0:00:56]} e5 {[%emt 0:02:17]} 4. Bg2 {[%emt 0:09:45]} Be7 {[%emt 0:00:11]} 5. d3 {[%emt 0:00:23]} d6 {[%emt 0:00:14]} 6. Nf3 {[%emt 0:00:55]} O-O {[%emt 0:00:10]} 7. O-O {[%emt 0:00:26]} Qe8 {[%emt 0:02:17]} 8. a3 {[%emt 0:08:45] A21: English Opening: 1...e5 2 Nc3.} a5 {[%emt 0:01:52]} 9. Bg5 {[%emt 0:06:25][%cal Oc4c5] [#]} Be6 $146 {[%emt 0:11:15]} ({Predecessor:} 9... Nbd7 10. e4 h6 11. Bd2 Nc5 12. Nh4 f4 13. gxf4 Nxd3 14. f5 Qh5 15. Ng6 Rf7 {1-0 (42) Winter,P (1957)-Reuter,M (1892) Playchess.com INT 2020}) 10. b4 {[%emt 0:09:30] The position is equal.} Nbd7 {[%emt 0:04:10]} 11. Nb5 {[%emt 0:03:54]} Qb8 {[%emt 0:03:02]} 12. Nd2 {[%emt 0:02:00]} (12. Bd2) 12... c6 {[%emt 0:03:50]} 13. Nc3 {[%emt 0:00:40]} d5 {[%emt 0:09:54]} (13... Qe8) 14. cxd5 {[%emt 0:04:13]} cxd5 {[%emt 0:03:50]} 15. Rb1 {[%emt 0:02:55]} (15. e4) (15. e4 $11) 15... axb4 $15 {[%emt 0:00:54]} 16. axb4 {[%emt 0:00:04]} Qd6 {[%emt 0:04:56]} (16... Rc8 $15 17. Qb3 Qd6) 17. e3 {[%emt 0:04:51]} ({White should try} 17. e4 $11) 17... Rfc8 {[%emt 0:02:13]} 18. Ne2 {[%emt 0:01:02]} h6 {[%emt 0:08:50]} 19. Bxf6 {[%emt 0:02:11]} Nxf6 {[%emt 0:00:58]} 20. d4 {[%emt 0:03:02] [#]} (20. Qb3 $15) 20... e4 $1 $17 {[%emt 0:00:28]} 21. Qb3 {[%emt 0:01:01]} Nd7 {[%emt 0:07:36]} (21... g5 $142 22. Rfe1 Kg7) 22. f3 {[%emt 0:02:39]} ({Better is} 22. Rfc1) 22... Nb6 {[%emt 0:01:36]} 23. Nc3 {[%emt 0:13:23]} Nc4 {[%emt 0:03:26]} 24. Nxc4 {[%emt 0:02:25]} Rxc4 {[%emt 0:01:00]} ({Worse is} 24... dxc4 25. Qd1 $15) 25. Na2 {[%emt 0:02:44]} Qa6 {[%emt 0:01:55] Black is more active.} 26. Rf2 {[%emt 0:01:56]} Qa3 {[%emt 0:00:42]} 27. Bf1 {[%emt 0:00:59]} Rc6 {[%emt 0:01:09][%cal Of5f4]} 28. b5 {[%emt 0:01:02]} Rcc8 {[%emt 0:01:44][%cal Of5f4]} 29. Rd2 {[%emt 0:04:34]} (29. f4 $17) 29... Qd6 {[%emt 0:01:54] White must now prevent ...Ra3.} 30. Nb4 {[%emt 0:01:01] [#]} (30. Rc2 $17) 30... Qxb4 {[%emt 0:02:15]} ({Weaker is} 30... exf3 31. Rf2 $17) (30... f4 $1 $19 31. gxf4 exf3) 31. Qxb4 {[%emt 0:00:08]} Bxb4 {[%emt 0:00:03]} 32. Rxb4 {[%emt 0:00:12]} Ra3 {[%emt 0:00:02]} (32... Rc1 $142 33. Kf2 Raa1) 33. Kf2 {[%emt 0:00:40]} Rcc3 {[%emt 0:00:33]} 34. Re2 {[%emt 0:00:16]} Bf7 {[%emt 0:02:35]} (34... Bd7 $17) 35. Bg2 {[%emt 0:01:34]} (35. Rbb2 $15 {should be considered.}) 35... g5 {[%emt 0:01:42]} 36. fxe4 {[%emt 0:03:18]} fxe4 {[%emt 0:02:47]} 37. g4 {[%emt 0:00:42] Prevents Bh5.} (37. Bh3 $17) 37... Be6 $36 {[%emt 0:00:35][%mdl 2048] Keeping White busy.} 38. h3 {[%emt 0:00:20]} Kg7 {[%emt 0:00:51][%cal Oh6h5]} 39. b6 {[%emt 0:00:55]} (39. Rbb2 $142) 39... h5 {[%emt 0:01:10]} 40. gxh5 {[%emt 0:00:40]} Kh6 {[%emt 0:00:05]} 41. Rbb2 {[%emt 0:02:49]} Kxh5 {[%emt 0:01:42]} 42. Ra2 $2 {[%emt 0:03:08]} (42. Re1) 42... Kh4 {[%emt 0:02:19] Black is clearly winning.} 43. Rxa3 {[%emt 0:00:26]} Rxa3 {[%emt 0:00:06][%mdl 4096] Endgame KRB-KRB} 44. Rc2 {[%emt 0:00:13]} Rb3 {[%emt 0:00:12]} 45. Rc7 {[%emt 0:00:25]} Rb2+ {[%emt 0:00:09]} 46. Kg1 {[%emt 0:00:14]} Kg3 {[%emt 0:01:35] ( -> ...Rb1+)} 47. Bf1 {[%emt 0:00:06]} Rxb6 {[%emt 0:02:32] Hoping for ...Rb1.} 48. Rg7 {[%emt 0:00:41]} g4 {[%emt 0:00:38] Threatens to win with ...Rb1.} 49. Rg5 {[%emt 0:00:48]} Rb1 {[%emt 0:01:25] And now ...Bd7 would win.} 50. Rg6 {[%emt 0:01:11]} Bc8 {[%emt 0:03:42] Weighted Error Value: White=0.66/Black=0.27 (precise)} (50... Bd7 $142 51. hxg4 Bb5) 0-1

[Event "Swedish Elitserien 2021-22"]
[Site "Sodertalje"]
[Date "2022.05.14"]
[Round "8.7"]
[White "Malesevic, Nedeljko"]
[Black "Eriksson, Anders"]
[Result "1-0"]
[WhiteElo "2207"]
[BlackElo "2224"]
[Annotator "TA"]
[PlyCount "113"]
[EventDate "2022.05.13"]
[EventType "team-tourn"]
[EventCountry "SWE"]
[SourceTitle "playchess.com"]
[Source "ChessBase"]
[SourceQuality "1"]

{[%evp 17,113,14,8,0,0,0,7,0,8,13,18,15,14,3,17,0,7,12,35,0,0,0,0,0,14,-36,0,-33,0,-24,0,-16,0,7,62,38,83,62,85,71,84,80,92,87,130,26,34,36,39,22,62,25,113,116,150,180,172,154,162,49,51,45,66,73,52,54,59,64,77,58,185,187,197,202,182,183,250,192,192,181,615,611,771,740,1852,1828,1500,1579,2289,1780,29983,29984,29984,29985,29991,29992,29992,29993]} 1. d4 {[%emt 0:00:03]} Nf6 {[%emt 0:00:07]} 2. c4 {[%emt 0:00:17]} e6 {[%emt 0:00:12]} 3. Nf3 {[%emt 0:00:21]} Bb4+ {[%emt 0:00:48]} 4. Nbd2 {[%emt 0:00:59]} O-O {[%emt 0:00:48]} 5. a3 {[%emt 0:00:59]} Be7 {[%emt 0:00:12]} 6. e4 {[%emt 0:00:39][%cal Be2e4,Be4e5][%mdl 32]} d5 {[%emt 0:00:28]} 7. e5 {[%emt 0:03:10]} Nfd7 {[%emt 0:00:20]} 8. cxd5 {[%emt 0:02:12]} exd5 {[%emt 0:00:17]} 9. Bd3 {[%emt 0:02:13]} c5 {[%emt 0:01:33]} 10. Qc2 {[%emt 0:00:58] E11: Bogo-Indian.} h6 {[%emt 0:01:41]} 11. O-O {[%emt 0:03:19]} Nc6 {[%emt 0:01:28]} 12. Re1 {[%emt 0:00:27] The position is equal.} (12. Bh7+ Kh8 $15) 12... c4 {[%emt 0:06:19]} 13. Bf5 {[%emt 0:15:15]} Nb6 {[%emt 0:06:21]} 14. Nf1 {[%emt 0:03:54] [#]} Bxf5 $146 {[%emt 0:01:47]} ({Predecessor:} 14... Be6 15. Bxe6 fxe6 16. Bxh6 Rxf3 17. gxf3 Nxd4 18. Qg6 Qf8 19. Nd2 Qf7 20. Qg4 Nc2 {0-1 (44) Vanini,B (1960)-Lazo,O Lima 2018}) 15. Qxf5 {[%emt 0:00:13][%cal Oc1h6]} Qc8 {[%emt 0:01:40]} 16. Qh5 {[%emt 0:05:33]} Qe6 {[%emt 0:04:10]} 17. Ne3 {[%emt 0:04:09]} Rfe8 {[%emt 0:10:16]} (17... Qg6 18. Qf5 Na5) (17... Qg6 $5 {[%cal Rg6h5]} 18. Qf5 Na5 $14) 18. Ng4 {[%emt 0:06:39][%cal Rc1h6]} Qg6 {[%emt 0:06:00]} 19. Qxg6 {[%emt 0:11:17]} fxg6 {[%emt 0:00:21]} 20. Ne3 {[%emt 0:01:47]} Red8 {[%emt 0:05:21]} 21. Nd1 {[%emt 0:06:48]} (21. Bd2 $11) 21... g5 {[%emt 0:10:27]} 22. h3 {[%emt 0:02:22]} Kf7 {[%emt 0:01:50]} 23. Nc3 {[%emt 0:06:06]} Ke6 {[%emt 0:00:51]} 24. Be3 {[%emt 0:03:23]} Rac8 {[%emt 0:01:31]} 25. g3 {[%emt 0:02:23]} Na5 {[%emt 0:01:33]} (25... Na8 $11) 26. Re2 {[%emt 0:02:06]} a6 {[%emt 0:01:54]} 27. Rf1 {[%emt 0:02:23]} Na8 {[%emt 0:02:36]} 28. Ne1 {[%emt 0:00:52]} Rf8 {[%emt 0:02:06]} 29. f4 {[%emt 0:03:29]} gxf4 {[%emt 0:00:51]} 30. gxf4 {[%emt 0:00:14]} ({Of course not} 30. Rxf4 $6 Nc7 $11) (30. Bxf4 $6 g5 $11) 30... Rf7 {[%emt 0:02:16]} 31. f5+ {[%emt 0:03:49]} (31. Rg2 $1 $16) 31... Rxf5 $11 {[%emt 0:00:59]} 32. Rxf5 {[%emt 0:00:06]} Kxf5 {[%emt 0:00:29]} 33. Nxd5 {[%emt 0:00:32]} Nc6 {[%emt 0:05:54]} 34. Ng2 {[%emt 0:06:06] White is more active.} Rd8 {[%emt 0:11:05]} (34... g5 $1 $11) 35. Rf2+ $16 {[%emt 0:00:22]} Kg6 {[%emt 0:00:16]} 36. Ngf4+ {[%emt 0:00:33]} Kh7 {[%emt 0:00:18]} 37. Nxe7 {[%emt 0:00:31]} Nxe7 {[%emt 0:00:30]} 38. Ne6 {[%emt 0:00:04] Against Nc7} (38. d5 $1 $18) 38... Re8 $14 {[%emt 0:02:27] aiming for ...Nd5.} 39. Rf8 {[%emt 0:02:05]} ({Reject} 39. Rf7 Nd5 40. Rxg7+ Kh8 $11) 39... Rxf8 {[%emt 0:00:35]} 40. Nxf8+ {[%emt 0:00:03][%mdl 4096] Endgame KBN-KNN} Kg8 {[%emt 0:00:35]} 41. Ne6 {[%emt 0:00:47]} Nd5 {[%emt 0:00:36]} 42. Kf2 {[%emt 0:01:11] Black must now prevent Kf3.} Nac7 {[%emt 0:01:10]} 43. Nd8 {[%emt 0:03:29]} b5 {[%emt 0:02:32] This costs Black the game.} ({Black should play} 43... b6 $1 $14) 44. Bd2 $1 $18 {[%emt 0:03:00]} Kf8 {[%emt 0:01:56] [#]} 45. Kf3 $1 {[%emt 0:02:54]} Ke7 {[%emt 0:03:21] [#]} 46. Nb7 {[%emt 0:00:28]} Kd7 {[%emt 0:07:10]} (46... c3 $142 47. bxc3 (47. Bxc3 Nxc3 48. bxc3 Nd5 $16) 47... Nb6) 47. Ke4 {[%emt 0:01:13]} Kc6 {[%emt 0:01:32]} 48. Nc5 {[%emt 0:02:34]} Kb6 $2 {[%emt 0:04:33] [#]} (48... g5 49. Kf5 Nf4) 49. Ne6 $1 {[%emt 0:04:30][%mdl 512]} c3 {[%emt 0:07:10] [#]} (49... Ne7 50. Nxg7) 50. bxc3 {[%emt 0:01:39]} Nxc3+ {[%emt 0:00:34]} (50... Kc6 51. Nxg7) 51. Bxc3 {[%emt 0:00:06] Nxc7 would kill now.} Nxe6 {[%emt 0:00:22] KB-KN} 52. Kd5 {[%emt 0:01:53]} Ng5 {[%emt 0:01:45]} 53. e6 {[%emt 0:02:15] And now e7 would win.} Kc7 {[%emt 0:00:19]} 54. Ba5+ {[%emt 0:00:09] White mates.} Kc8 {[%emt 0:00:12]} 55. Kd6 {[%emt 0:00:42]} Ne4+ {[%emt 0:00:54]} 56. Kc6 {[%emt 0:00:22]} g5 {[%emt 0:01:46]} 57. d5 {[%emt 0:00:42] Weighted Error Value: White=0.16 (very precise) /Black=0.48} 1-0

[Event "Swedish Elitserien 2021-22"]
[Site "Sodertalje"]
[Date "2022.05.14"]
[Round "8.8"]
[White "Janse, Love"]
[Black "Thornert, Hakan"]
[Result "1-0"]
[WhiteElo "2184"]
[BlackElo "2184"]
[Annotator "TA"]
[PlyCount "219"]
[EventDate "2022.05.13"]
[EventType "team-tourn"]
[EventCountry "SWE"]
[SourceTitle "playchess.com"]
[Source "ChessBase"]
[SourceQuality "1"]

{[%evp 17,219,-10,3,-39,0,0,-8,0,4,-39,-8,0,0,0,0,-24,0,0,0,0,0,0,0,0,0,0,0,0,117,114,154,154,160,160,160,160,161,166,168,154,154,154,154,154,154,152,150,150,153,154,157,154,154,154,154,154,154,113,114,119,134,127,127,127,127,127,127,119,119,112,99,8,8,8,8,8,8,8,8,8,8,0,0,0,0,0,0,0,0,0,0,0,0,0,0,0,8,8,8,8,58,0,89,8,114,52,121,52,76,60,89,0,237,127,415,415,415,0,0,0,415,0,0,0,415,415,415,0,415,415,415,0,415,317,415,0,229,0,415,141,61,0,0,0,0,0,0,0,0,0,0,0,0,0,317,0,0,0,0,0,0,0,0,0,0,0,0,0,0,0,0,0,0,0,0,0,0,0,0,0,0,0,0,0,0,0,0,0,0,0,0,0,0,0,0,0,0,0,0,0,29961,29957,29989,29990]} 1. e4 {[%emt 0:16:04]} c5 {[%emt 0:00:07]} 2. Nc3 g6 {[%emt 0:00:08]} 3. f4 {[%emt 0:00:06]} Bg7 {[%emt 0:00:06]} 4. Nf3 {[%emt 0:00:03]} Nc6 {[%emt 0:00:07]} 5. Bb5 {[%emt 0:00:05]} Nd4 {[%emt 0:00:14]} 6. O-O {[%emt 0:00:03]} a6 {[%emt 0:02:00]} 7. Bd3 {[%emt 0:00:03]} d6 {[%emt 0:00:48]} 8. Nxd4 {[%emt 0:14:16]} cxd4 {[%emt 0:01:04]} 9. Ne2 {[%emt 0:00:02]} Nf6 {[%emt 0:00:24][%cal Bg8f6,Bf6d7,Bd7c5,Bc5d3][%mdl 32]} 10. b3 {[%emt 0:06:42] B23: Closed Sicilian: Lines without g3.} Nd7 {[%emt 0:01:31]} 11. Qe1 {[%emt 0:04:11]} Nc5 {[%emt 0:00:56]} 12. Qf2 {[%emt 0:00:28] The position is equal.} f5 {[%emt 0:08:56] [#]} 13. Ng3 $146 {[%emt 0:08:31][%cal Re4f5]} ({Predecessor:} 13. exf5 Nxd3 {½-½ (13) Johansen,J (2339)-Popov,E ICCF email 2001}) 13... Nxd3 {[%emt 0:05:41]} 14. cxd3 {[%emt 0:01:05]} O-O {[%emt 0:00:28]} 15. Bb2 {[%emt 0:03:01]} Qb6 {[%emt 0:02:42]} 16. Rac1 {[%emt 0:02:22]} Bd7 {[%emt 0:01:22]} 17. exf5 {[%emt 0:03:06]} Bxf5 {[%emt 0:03:29]} 18. Nxf5 {[%emt 0:00:21]} Rxf5 {[%emt 0:00:26]} 19. Qe2 {[%emt 0:04:39]} e5 {[%emt 0:07:59]} 20. fxe5 {[%emt 0:03:09]} Rxf1+ {[%emt 0:05:34]} 21. Rxf1 {[%emt 0:00:37]} dxe5 {[%emt 0:01:17]} 22. Qf3 {[%emt 0:00:40]} Qe6 {[%emt 0:04:31] Prevents Qd5.} (22... Qb4 $11) 23. Qxb7 $16 {[%emt 0:03:16]} Rf8 {[%emt 0:02:09]} 24. Ba3 $1 {[%emt 0:02:47] Against Qd6. White is more active.} Rxf1+ {[%emt 0:01:51]} 25. Kxf1 {[%emt 0:00:21]} Qf7+ {[%emt 0:00:24]} 26. Qxf7+ {[%emt 0:00:21]} Kxf7 {[%emt 0:00:05][%mdl 4096] Endgame KB-KB} 27. Ke2 {[%emt 0:01:06]} Ke6 {[%emt 0:00:12]} 28. Kf3 {[%emt 0:01:19]} Kd5 {[%emt 0:00:28]} 29. Bb4 {[%emt 0:00:58]} Bf6 {[%emt 0:06:50]} 30. a4 {[%emt 0:01:41]} Bd8 {[%emt 0:01:14]} 31. Bf8 {[%emt 0:01:35]} Bg5 {[%emt 0:02:57]} 32. Ke2 {[%emt 0:00:43]} Bd8 {[%emt 0:02:23]} 33. b4 {[%emt 0:02:21]} Bc7 {[%emt 0:06:47]} 34. Kf3 {[%emt 0:02:09]} Bd8 {[%emt 0:00:40]} 35. g3 {[%emt 0:00:18]} Bg5 {[%emt 0:03:34]} 36. Ke2 {[%emt 0:01:37]} Bd8 {[%emt 0:00:37]} 37. b5 {[%emt 0:06:53]} axb5 {[%emt 0:01:07]} 38. axb5 {[%emt 0:00:03]} Ba5 {[%emt 0:00:35]} 39. Bg7 {[%emt 0:00:37]} Bc7 {[%emt 0:05:53]} 40. Kf3 {[%emt 0:00:32]} Ba5 {[%emt 0:01:13]} 41. Bf6 {[%emt 0:12:39]} Ke6 {[%emt 0:07:49]} 42. Bg5 {[%emt 0:03:13]} Kd5 {[%emt 0:00:25]} 43. Be7 {[%emt 0:01:27]} Bb6 {[%emt 0:08:55]} 44. Kg4 {[%emt 0:02:14]} (44. Bb4 $16) 44... e4 $11 {[%emt 0:06:40]} 45. dxe4+ {[%emt 0:01:35]} Kxe4 {[%emt 0:00:07]} 46. Kg5 {[%emt 0:04:09]} Kd3 {[%emt 0:02:24]} ({Don't do} 46... Ba5 47. Kh6 Bxd2+ 48. Kxh7 $16) 47. Kh6 {[%emt 0:04:40]} Kxd2 {[%emt 0:00:36]} 48. Kxh7 {[%emt 0:00:09]} Ke2 {[%emt 0:04:21]} 49. Kxg6 {[%emt 0:00:43]} d3 {[%emt 0:00:21]} 50. Bg5 {[%emt 0:05:44]} Be3 {[%emt 0:00:40]} 51. Bxe3 {[%emt 0:00:02]} Kxe3 {[%emt 0:00:05] KP-KP} 52. b6 {[%emt 0:00:06]} d2 {[%emt 0:00:06]} 53. b7 {[%emt 0:00:06]} d1=Q {[%emt 0:00:06] ( -> ...Qb1+)} 54. b8=Q {[%emt 0:00:08] Inhibits Qb1+. KQ-KQ} Qc2+ {[%emt 0:00:25]} 55. Kg5 {[%emt 0:00:23]} Qxh2 {[%emt 0:00:24]} 56. Qf4+ {[%emt 0:00:15]} Kd3 {[%emt 0:02:01]} 57. g4 {[%emt 0:01:53]} Qh8 {[%emt 0:00:58]} 58. Qf6 {[%emt 0:01:01]} Qa8 {[%emt 0:03:28]} (58... Qh1 $11) 59. Kh6 {[%emt 0:02:05]} (59. Qe6 $14) 59... Kd2 {[%emt 0:01:38]} (59... Ke3 $11 {keeps the balance.}) 60. g5 {[%emt 0:01:18]} (60. Qe7 $16) 60... Qh1+ {[%emt 0:00:52]} (60... Qe4 $1 $11 61. g6 Qh1+ 62. Kg7 Kc2 63. Qf5+ Kb2 64. Qe5+ Kc2 65. Qf5+ Kb2 66. Qb5+ Kc1 67. Qc4+ Kb2 68. Qb5+ Kc1 69. Qc5+ Kb2 70. Qd4+ Kb1 71. Qd3+ Kb2 72. Qd4+ Kc2 73. Qc4+ Kb2 74. Qd4+) 61. Kg7 {[%emt 0:00:52]} (61. Kg6 $1 $16) 61... Qb7+ {[%emt 0:00:49]} (61... Qd5 $1 $14 62. Qf4+ Kc3) 62. Qf7 {[%emt 0:00:25]} (62. Kf8 $1 $16) 62... Qb2+ {[%emt 0:01:02]} 63. Kh7 {[%emt 0:02:49]} Qb1+ {[%emt 0:00:50]} 64. g6 {[%emt 0:00:06]} ({Better is} 64. Kg8 $16 {And now Qf2+ would win.} Qb8+ 65. Kg7) 64... Qh1+ $2 {[%emt 0:00:32]} (64... Qe4 $11 65. Qf2+ Kc3 66. Qc5+ Kb3) 65. Kg7 $18 {[%emt 0:01:50] Black must now prevent Qf4+.} Qa1+ $2 {[%emt 0:00:23][%mdl 8192]} (65... Qe4 $16 66. Qf2+ Kc3 67. Qc5+ Kb2) 66. Qf6 $1 {[%emt 0:00:26]} Qa8 {[%emt 0:02:33]} 67. Qg5+ $2 {[%emt 0:01:46]} (67. Qb2+ $18 Kd3 68. Qb3+ Kd2 69. Qe6) 67... Kc2 $1 $11 {[%emt 0:01:08]} 68. Qf5+ {[%emt 0:02:42]} Kd1 $2 {[%emt 0:04:18][%mdl 8192]} (68... Kc1 $11 69. Qf4+ Kc2 70. Qf2+ Kc3) 69. Qd7+ $2 {[%emt 0:05:21]} (69. Qb1+ $18 Kd2 70. Qf5) 69... Kc1 $1 {[%emt 0:02:28]} 70. Qc7+ {[%emt 0:00:09]} Kd1 $2 {[%emt 0:01:17][%mdl 8192]} (70... Kb1 $11 71. Qb6+ Kc2 72. Qf2+ Kc1) 71. Qd6+ {[%emt 0:00:13]} Kc1 {[%emt 0:00:57]} 72. Qc5+ $2 {[%emt 0:00:06]} (72. Qb6 $18) 72... Kd1 $2 {[%emt 0:00:52][%mdl 8192]} (72... Kb1 $11 73. Qb4+ Kc1) 73. Qd4+ $18 {[%emt 0:00:21]} Kc1 {[%emt 0:00:25]} 74. Qg1+ $2 {[%emt 0:01:23]} (74. Qb6 $1 $18) 74... Kd2 $2 {[%emt 0:00:39][%mdl 8192]} (74... Kb2 $1 $11 75. Qf2+ Kc3) 75. Qf2+ {[%emt 0:00:40]} Kd1 {[%emt 0:00:49]} 76. Qf1+ $2 {[%emt 0:02:03]} ({White should play} 76. Qh4 $18) 76... Kd2 $2 {[%emt 0:00:19]} (76... Kc2 $1 $11 {and Black is okay.} 77. Qc4+ Kb1) 77. Qf4+ $2 {[%emt 0:01:03]} (77. Qb5 $1 $18 {[%cal Rb5b6]}) 77... Kd1 $2 {[%emt 0:00:24][%mdl 8192] [#]} (77... Kc2 $1 $11 {and Black stays safe.} 78. Qh4 Qc8) 78. Kh7 $2 {[%emt 0:00:58]} (78. Qh4 $1 $18 {and the rest is easy.}) 78... Qh1+ $16 {[%emt 0:00:29]} 79. Qh6 {[%emt 0:01:36]} ({White should try} 79. Kg8 $1 $14 Qd5+ 80. Kg7) 79... Qe4 $1 $11 {[%emt 0:00:16]} 80. Qh5+ {[%emt 0:00:20]} Kc2 {[%emt 0:01:27]} 81. Qc5+ {[%emt 0:00:49]} Kb1 {[%emt 0:00:34]} 82. Qg1+ {[%emt 0:01:40]} Kc2 {[%emt 0:00:18]} 83. Qh2+ {[%emt 0:00:17]} Kb1 {[%emt 0:00:09]} 84. Qh3 {[%emt 0:01:34]} Kc2 {[%emt 0:00:45]} 85. Kg7 {[%emt 0:01:51]} Qe5+ $2 {[%emt 0:01:51][%mdl 8192]} (85... Kb1 $11 {and Black has nothing to worry.} 86. Kf7 Qc4+ 87. Kf8 Qc5+ 88. Kg7 Qd4+ 89. Kh7 Qe4) 86. Kh7 $2 {[%emt 0:00:04]} (86. Kf7 $18) 86... Qe4 {[%emt 0:00:06]} 87. Qh2+ {[%emt 0:01:15]} Kb1 {[%emt 0:00:13]} 88. Qb8+ {[%emt 0:00:07]} Kc2 {[%emt 0:00:27]} 89. Qc7+ {[%emt 0:00:10]} Kb1 {[%emt 0:00:20]} 90. Kg7 {[%emt 0:00:32]} Qd4+ {[%emt 0:01:30]} 91. Kh7 {[%emt 0:00:53]} Qe4 {[%emt 0:00:12] Against Qb7+} 92. Kg7 {[%emt 0:00:48]} Qd4+ {[%emt 0:00:10]} 93. Kg8 {[%emt 0:00:09]} Qd5+ {[%emt 0:00:17]} 94. Kh8 {[%emt 0:00:41]} Qa8+ {[%emt 0:01:40]} 95. Kg7 {[%emt 0:00:03]} Qe4 {[%emt 0:00:40]} 96. Qb6+ {[%emt 0:00:28]} Kc2 {[%emt 0:00:47]} 97. Qc5+ {[%emt 0:00:28]} Kb1 {[%emt 0:02:01]} 98. Kf6 {[%emt 0:00:03] White wants to mate with Qf5.} Qh4+ {[%emt 0:00:12]} 99. Qg5 {[%emt 0:00:31]} Qd4+ {[%emt 0:00:15]} 100. Qe5 {[%emt 0:00:04]} Qb6+ {[%emt 0:01:12]} 101. Kf5 {[%emt 0:00:24]} Qf2+ {[%emt 0:00:29]} 102. Qf4 {[%emt 0:02:29]} Qc5+ {[%emt 0:00:10]} 103. Kf6 {[%emt 0:00:06] White threatens Qf5+ and mate.} Qf8+ {[%emt 0:00:28]} 104. Kg5 {[%emt 0:00:12]} Qd8+ {[%emt 0:00:32]} 105. Kh5 {[%emt 0:01:04] aiming for g7.} Qh8+ {[%emt 0:00:25]} 106. Kg4 {[%emt 0:00:15]} Qg7 {[%emt 0:00:30]} 107. Qe4+ {[%emt 0:00:21]} Ka2 {[%emt 0:00:47]} 108. Kg5 {[%emt 0:00:07] Qe6+ is the strong threat.} Ka3 $2 {[%emt 0:00:38][%mdl 8192] [#]} (108... Kb2 $11 109. Qe2+ Kc3 110. Qf3+ Kc2 111. Qf2+ Kc1 112. Qc5+ Kd1 113. Qd5+ Ke1 114. Qe6+) 109. Qf3+ $1 {[%emt 0:00:17]} Kb2 {[%emt 0:00:28]} 110. Qf6+ {[%emt 0:00:02] Weighted Error Value: White=0.12 (very precise) /Black=0.16 (very precise)} 1-0